1915 1903 1514 1527 1576 1259 1483 1842 1417 1070 1912 1580 1107 1104 1494 1211 1338 1694 1853 1321 1935 1521 1952 1581 1103 1051 1267 1336 1791 1721 1903 1695 1046 1092 1609 1327 1994 1961 1212 1314 1194 1331 1997 1837 1109 1071 1491 1251 1154 1436 1758 1305 1612 1697 1809 1139 1376 1465 1138 1159 1859 1259 1997 1887 1855 1914 1086 1363 1485 1523 1070 1298 1133 1819 1064 1520 1208 1272 1289 1355 1483 1757 1487 1267 1179 1267 1453 1697 1328 1858 1494 1315 1156 1907 1747 1590 1530 1799 1466 BCNSPRNW ULIB Ver.6.0+V

เปลี่ยนเป็นภาษาไทย

Change to English
 แสดงรายละเอียดบรรณานุกรม
  กลับหน้าหลัก

Brief Record : Get Marc (ISO 2709) : E-mail record : QR code < ปิดหน้าต่าง
LEADER : 00000nam 2200000uu 4500
001    13399123045
003     ULIB
008    131128s2555||||th 000 0 tha d
020    ^a9786162142970
090    ^aนว.^bพ187พ ล.42
100 0  ^aพนมเทียน
245 10 ^aเพชรพระอุมา: แต่ปางบรรพ์ เล่ม 2/^cพนมเทียน
250    ^aพิมพ์รวมเล่มครั้งที่ 6
260    ^aกรุงเทพฯ :^bณ บ้านวรรณกรรม,^c2555
300    ^a338 หน้า
505 00 ^a^gล.1-4^tไพรมหากาฬ --^gล.5-8^tดงมรณะ -- ^gล.9-12^tจอมผีดิบมันตรัย -- ^gล.13-16^tอาถรรพณ์นิทรานคร -- ^gล.17-20^tป่าโลกล้านปี -- ^gล.21-24^tแงซายจอมจักรา -- ^gล.25-28^tจอมพราน -- ^gล.29-32^tไอ้งาดำ -- ^gล.33-36^tจิตรางคนางค์-- ^gล.37-40^tนาคเทวี -- ^gล.41-44^tแด่ปางบรรพ์ -- ^gล.45-48^tมงกุฎไพร
650  4 ^aนวนิยายไทย
945    ^p225^l0^i034246
999    ทศพร
รายการนี้ยังไม่มีแท็ก
คุณยังไม่ได้ล็อกอิน คุณสามารถมีกิจกรรมร่วมกับเว็บไซต์ได้ แต่ต้องล็อกอินก่อน ::
  ล็อกอิน

รายการสื่อสารสนเทศ

ลำดับที่ ประเภท เลขเรียก/บาร์โค้ด สถานที่ สถานะ
1. นวนิยาย
นวนิยาย
นว. พ187พ ล.42 ฉ.1 
  Barcode: 034246
ห้องสมุดวิทยาเขตสวรรค์ประชารักษ์
►นวนิยาย
บนชั้น
  ขอยืม

รายการใกล้เคียง
    ผู้แต่ง [พนมเทียน]

    หัวเรื่อง [นวนิยายไทย]

BibComment


ยังไม่เคยถูกคอมเมนท์

คอมเมนท์ทรัพยากรรายการนี้
  คอมเมนท์: เพชรพระอุมา แต่ป..


 Copyright 2026. Bcnsprnw @Library